Can You Name the 20 Most-Streamed Spotify Artists of 2025? - Statistics

General Stats
  • This quiz has been taken 23 times
  • The average score is 9 of 20
Answer Stats
2025 Streams Artist % Correct
20.59 billion Taylor Swift
90%
12.64 billion Drake
80%
13.31 billion The Weeknd
75%
9.86 billion Ariana Grande
65%
21.00 billion Bad Bunny
65%
9.27 billion Bruno Mars
65%
8.43 billion Justin Bieber
65%
8.27 billion Sabrina Carpenter
65%
6.79 billion Rihanna
60%
8.61 billion Lady Gaga
55%
10.68 billion Billie Eilish
45%
9.45 billion Kendrick Lamar
45%
7.32 billion Coldplay
40%
7.12 billion Kanye West
40%
6.93 billion Lana Del Rey
15%
7.5 billion Morgan Wallen
5%
8.97 billion Arijit Singh
0%
9.02 billion Fuerza Regida
0%
7.10 billion Pritam
0%
6.65 billion Rauw Alejandro
0%
No matching quizzes found
Score Distribution
Percent of People with Each Score
Percentile by Number Answered
Your Score History
You have not taken this quiz